000 01582nam a2200301 a 4500
001 BRCA_3347
005 20190320204233.0
008 250309s1887----nyu#---###---#000-0#eng-#
041 _aeng
044 _anyu
084 _a641
_b.D63
_c1887
100 1 _aCervantes Saavedra, Miguel de
_d1547-1616
_9213
245 1 0 _aThe Ingenious Gentleman Don Quixote of la Mancha
_cBy Miguel de Cervantes Saavedra; A Translation with Introduction and Notes by John Ormsby.
260 _aNueva York
_bMead Dodd and Co.
_c1887
300 _a4 v.
_c23 cm.
500 _aContenido : v.1. Primera parte. Introducción biográfica de Cervantes y Don Quijote. Prólogo del autor. Versos preliminares. Notas. -- v.2. Primera parte. Texto. -- v.3. Segunda parte. Prólogo del autor. -- v.4. Segunda parte. Texto. Apéndices: I. Proverbios de Don Quijote II. Libros de caballería españoles III. Bibliografía de las ediciones y traducciones del Quijote
500 _aEjemplar igual al anterior [640], pero sin el escudo de la edición príncipe en la portada. Numerado con el número 44. Excelente impresión sobre papel de hilo Lúdovik Osterc
500 _aQM486A
546 _aTexto en : inglés
650 1 4 _aNovela española
_yÉpoca clásica, 1500-1700
_9215
650 1 4 _aLiteratura española
_yÉpoca clásica, 1500-1700
_9216
650 1 4 _aNovela española
_ySiglo XVII
_9217
650 1 4 _aDon Quijote (Personaje ficticio)
_eNovela
_9218
700 1 _aOrmsby, John
_d1829-1895
_eEditor
_98834
740 0 _aEl Ingenioso Hidalgo Don Quijote de la Mancha
902 _aQFM
942 _2lcc
_cB
999 _c3083
_d3083